[Event "Campeonato de Aragon por Equipos 2023 - Division de Honor Global"]
[Site ""]
[Date "2023.02.04"]
[Round "2.3"]
[White "Gomez Calomarde, Saul"]
[Black "Guzman Moneo, Alberto"]
[Result "0-1"]
[WhiteElo "2022"]
[BlackElo "2146"]
[PlyCount "0"]
[WhiteTeam "Teruel"]
[BlackTeam "Helios"]
[EventDate "2023.01.28"]

1. Nf3 g6 2. c4 c5 3. g3 Nc6 4. Nc3 Bg7 5. Bg2 d6 6. d3 Rb8 7. Rb1 a6 8. Bd2 b5 9. 
0-0 bxc4 10. Qa4 Qd7 11. Ng5 Ne5 12. f4 Qxa4 13. Nxa4 Nd7 14. dxc4 h6 15. Nf3 Ngf6 
16. Bc3 0-0 17. Nd2 Ng4 18. Bxg7 Kxg7 19. Rf3 Nb6 20. Rb3 Nd7 21. Rd3 f5 22. Re1 
Nb6 23. Rb3 Nd7 24. Rd3 Nb6 25. Rb3 Nd7 26. e4 Rxb3 27. Nxb3 fxe4 28. Bxe4 e5 29. 
h3 Ngf6 30. Bc6 exf4 31. Re7+ Rf7 32. Rxf7+ Kxf7 33. gxf4 Nh5 34. Nd2 Nxf4 35. h4 
Ne5 36. Be4 Kf6 37. Nc3 Be6 38. b3 Bc8 39. Kf2 g5 40. hxg5+ hxg5 41. Nd5+ Nxd5 42. 
Bxd5 Nd3+ 43. Ke3 Nb4 44. Ne4+ Ke5 45. Bg8 Nc2+ 46. Kd3 Bf5 47. Kxc2 Bxe4+ 48. Kd2 
Kf5 49. Ke2  0-1

[Event "Campeonato de Aragon por Equipos 2023 - Division de Honor Global"]
[Site ""]
[Date "2023.02.04"]
[Round "2.5"]
[White "Llanes Luno, Ricardo"]
[Black "Glavina, Pablo"]
[Result "0-1"]
[WhiteElo "2164"]
[BlackElo "2408"]
[PlyCount "0"]
[WhiteTeam "Delicias"]
[BlackTeam "MyInvestor Casablanca"]
[EventDate "2023.01.28"]

1. e4 e5 2. Bc4 Nf6 3. d3 Bc5 4. Nf3 Nc6 5. c3 O-O 6. O-O d6 7. a4 a5 8. h3 h6
9. Re1 Be6 10. Bxe6 fxe6 11. Be3 Bxe3 12. Rxe3 Qe8 13. Nbd2 Nh5 14. g3 g5 15.
h4 Qg6 16. hxg5 hxg5 17. Nh2 Kg7 18. Ng4 Rh8 19. Qf3 Nf4 20. Kf1 Raf8 21. gxf4
gxf4 22. Ree1 Rh4 23. Nh2 Rxh2 24. Ke2 Kf6 25. Rg1 Qh6 26. Rg4 Ke7 27. Rag1 Rh3
28. Rg7+ Rf7 29. Qg4 Qh5 30. Nf3 Nd8 31. Rg8 Qxg4 32. R1xg4 Rh6 33. R4g7 Kf6
34. Rxf7+ Nxf7 35. Rc8 c5 36. Rb8 Rh1 37. Rxb7 Ra1 38. b3 Ra2+ 39. Nd2 Ng5 40.
Rd7 f3+ 41. Ke3 Nh3 42. Rxd6 Nxf2 43. Kxf2 Ke7 44. Rc6 Rxd2+ 45. Kxf3 Rxd3+ 46.
Ke2 Rxc3 47. Kd2 Rxb3 48. Rxc5 Rb4 49. Rxe5 Rxa4 50. Ke3 Ra1 51. Rb5 Kf6 52.
Kf4 Rf1+ 53. Ke3 a4 54. Ra5 Ra1 55. Kf4 a3 0-1

[Event "Campeonato de Aragon por Equipos 2023 - Division de Honor Global"]
[Site ""]
[Date "2023.02.04"]
[Round "2.6"]
[White "Quintin Navarro, Alberto"]
[Black "Llanes Luno, Pedro Alfredo"]
[Result "1-0"]
[WhiteElo "2373"]
[BlackElo "2048"]
[PlyCount "0"]
[WhiteTeam "MyInvestor Casablanca"]
[BlackTeam "Delicias"]
[EventDate "2023.01.28"]

1. d4 Nf6 2. Nf3 g6 3. g3 Bg7 4. Bg2 d6 5. O-O O-O 6. b3 c5 7. c4 Nc6 8. Bb2
cxd4 9. Nxd4 Bd7 10. Nc3 Rb8 11. Rc1 a6 12. Qd2 Qa5 13. Nc2 Qh5 14. Ne3 Bh3 15.
Ncd5 Bxg2 16. Kxg2 Rfe8 17. Nxf6+ exf6 18. Rce1 Re6 19. Nd5 Ne5 20. f4 Nc6 21.
f5 gxf5 22. Qd3 Rbe8 23. Nf4 Qh6 24. Nxe6 fxe6 25. Qxd6 Ne5 26. Bxe5 fxe5 27.
e4 Bf8 28. Qxe5 Qd2+ 29. Kh1 Bd6 30. Qf6 Bb4 31. exf5 Bc3 32. Qh4 e5 33. f6 1-0

[Event "Campeonato de Aragon por Equipos 2023 - Division de Honor Global"]
[Site ""]
[Date "2023.02.04"]
[Round "2.7"]
[White "Roche Simon, Manuel Angel"]
[Black "Vela Frago, Alberto"]
[Result "0-1"]
[WhiteElo "1985"]
[BlackElo "2213"]
[PlyCount "0"]
[WhiteTeam "Delicias"]
[BlackTeam "MyInvestor Casablanca"]
[EventDate "2023.01.28"]

1. e4 e5 2. Nf3 Nc6 3. Nc3 Nf6 4. d4 exd4 5. Nxd4 Bb4 6. Nxc6 bxc6 7. Bd3 O-O
8. O-O Re8 9. Qf3 Bxc3 10. bxc3 d6 11. Bg5 Re5 12. Bxf6 Qxf6 13. Qxf6 gxf6 14.
Rfb1 Rc5 15. Rb3 Be6 16. Ra3 a5 17. Rb1 Ra7 18. f3 f5 19. exf5 Bxf5 20. c4 Kg7
21. Kf2 Bc8 22. Ra4 Ra8 23. f4 h5 24. h3 h4 25. Kf3 Kf6 26. Ra3 Ba6 27. Ra4 Rg8
28. g4 hxg3 29. Rg1 Bc8 30. Rxg3 Rh8 31. Bf1 Bf5 32. c3 Bc2 33. Ra3 Rh4 34. Ke3
Rf5 35. Rg4 Rh8 36. Bg2 Bd1 37. Rg3 Rh4 38. Bxc6 Rfxf4 39. Bd5 Rf5 40. Kd2 Bh5
41. Rb3 Rf2+ 42. Ke3 Re2+ 43. Kd3 Rxa2 44. Rb7 Bg6+ 45. Ke3 Rc2 46. Rxc7 Rxc3+
47. Kf2 Rf4+ 48. Rf3 Rfxf3+ 49. Bxf3 a4 50. h4 a3 51. Ra7 Bf5 52. Bd5 Be6 53.
Bxe6 fxe6 54. h5 Rxc4 0-1

[Event "Campeonato de Aragon por Equipos 2023 - Division de Honor Global"]
[Site ""]
[Date "2023.02.04"]
[Round "2.8"]
[White "Ruiz Fernandez, Daniel"]
[Black "Martinez Blanco, Ruben"]
[Result "1-0"]
[WhiteElo "1926"]
[BlackElo "1317"]
[PlyCount "0"]
[WhiteTeam "MyInvestor Casablanca"]
[BlackTeam "Delicias"]
[EventDate "2023.01.28"]


1. e4 c5 2. Nf3 Nc6 3. d4 cxd4 4. Nxd4 Nf6 5. Nc3 d6 6. Bg5 Bd7 7. Qd2 Nxd4 8.
Qxd4 Qa5 9. Bd2 Qb6 10. Qxb6 axb6 11. f3 Be6 12. Bb5+ Bd7 13. Bxd7+ Kxd7 14.
Be3 Kc7 15. Kf2 g6 16. Rhd1 e6 17. Bd4 Be7 18. Nb5+ Kc6 19. a4 Rhd8 20. Ra3 d5
21. Rc3+ Kd7 22. Bxb6 Rdc8 23. Rxc8 Rxc8 24. c3 Ke8 25. Bd4 Nd7 26. exd5 exd5
27. Be3 Rc4 28. b3 Rh4 29. Rxd5 Rxh2 30. Nd4 Rh1 31. Ne2 Rb1 32. Rb5 Bh4+ 33.
g3 Bf6 34. Rxb7 Ne5 35. Bd4 Rb2 36. Bxe5 Bxe5 37. Ke3 g5 38. a5 Ra2 39. b4 h5
40. Rb5 Bf6 41. Rb6 Bg7 42. c4 h4 43. gxh4 gxh4 44. Nf4 Bc3 45. c5 Ra3 46. Ke4
h3 47. Nxh3 Ra4 48. Kd5 Bxb4 49. a6 Bd2 50. c6 Ba5 51. Rb8+ 1-0

[Event "Campeonato de Aragon por Equipos 2023 - Division de Honor Global"]
[Site ""]
[Date "2023.02.04"]
[Round "2.9"]
[White "Ramiro Ovejero, Juan Luis"]
[Black "Ramon Perez, Jose Luis"]
[Result "0-1"]
[WhiteElo "2298"]
[BlackElo "2166"]
[PlyCount "0"]
[WhiteTeam "Jaime Casas"]
[BlackTeam "Fraga"]
[EventDate "2023.01.28"]

1. e4 c5 2. Nf3 d6 3. Bb5+ Nd7 4. O-O a6 5. Bd3 Ngf6 6. c3 e6 7. Bc2 b5 8. d4
Bb7 9. Re1 Be7 10. Nbd2 O-O 11. Nf1 Qc7 12. Ng3 Rfe8 13. h3 Bf8 14. Bg5 h6 15.
Bd2 Rac8 16. Rc1 g6 17. b4 Bg7 18. a4 Nb6 19. axb5 axb5 20. Bd3 Nc4 21. Rb1
cxd4 22. cxd4 Qb6 23. Qe2 Rc7 24. Ra1 Rec8 25. Ra2 Nd7 26. Be3 Nb8 27. h4 Na6
28. Bxc4 Rxc4 29. d5 Qd8 30. dxe6 fxe6 31. Rd1 Nxb4 32. Ra7 Qc7 33. Nd4 Bxd4
34. Bxd4 Nc6 35. Qg4 Kh7 36. Rxb7 Qxb7 37. Bb2 Qf7 38. f4 Rc2 39. Bd4 Nxd4 0-1

[Event "Campeonato de Aragon por Equipos 2023 - Division de Honor Global"]
[Site ""]
[Date "2023.02.04"]
[Round "2.10"]
[White "Vallverdu Miret, Oscar"]
[Black "Newrkla, Katharina"]
[Result "1-0"]
[WhiteElo "2086"]
[BlackElo "2255"]
[PlyCount "0"]
[WhiteTeam "Fraga"]
[BlackTeam "Jaime Casas"]
[EventDate "2023.01.28"]

1. b4 c6 2. e3 a5 3. b5 d5 4. Nf3 Nf6 5. Bb2 e6 6. c4 Be7 7. Be2 O-O 8. O-O
cxb5 9. cxd5 Nxd5 10. Bxb5 Bd7 11. Be2 b5 12. Nc3 Nxc3 13. dxc3 Na6 14. Ne5 Be8
15. Qxd8 Rxd8 16. a4 Rd2 17. Bxb5 Rxb2 18. Bxa6 Bf6 19. Nc4 Rc2 20. Nd6 Bc6 21.
Rfc1 Rxc1+ 22. Rxc1 Bxa4 23. c4 Be7 24. c5 Rd8 25. h3 g6 26. Nc8 Bf6 27. c6
Bxc6 28. Rxc6 a4 29. Nd6 a3 30. Bc4 Be7 31. Nb5 Rd1+ 32. Kh2 Rc1 33. Nd4 Bf6
34. Ba2 Rd1 35. Rc2 Bxd4 36. exd4 Rxd4 37. f3 h5 38. Rc3 Ra4 39. Kg3 Kg7 40.
Kf2 g5 41. g3 h4 42. gxh4 Rxh4 43. Rxa3 Rxh3 44. Ra7 Kf6 45. Kg2 Rh4 46. Kg3
Rd4 47. Bb1 Rd1 48. Be4 Rg1+ 49. Kf2 Rc1 50. Rb7 Ra1 51. Bc6 Ra2+ 52. Kg3 Ra5
53. Be8 Ke5 54. Bxf7 Kf6 55. Be8 Rc5 56. Bb5 Re5 57. Bd3 Rd5 58. Be4 Rd1 59.
Rh7 Rg1+ 60. Kf2 Ra1 61. Rh6+ Kf7 62. Rg6 Ra5 63. Kg3 Re5 64. Rh6 Kg7 65. Rh5
Kf7 66. Kg4 Kf6 67. Rh6+ Kf7 68. Kh5 Ra5 69. Rg6 g4+ 70. Kxg4 Ra4 71. Rh6 1-0

[Event "Campeonato de Aragon por Equipos 2023 - Division de Honor Global"]
[Site ""]
[Date "2023.02.04"]
[Round "2.11"]
[White "Fontana Sotomayor, Luis Javier"]
[Black "Aribau Rivas, Miguel Angel"]
[Result "1/2-1/2"]
[WhiteElo "2221"]
[BlackElo "2036"]
[PlyCount "0"]
[WhiteTeam "Jaime Casas"]
[BlackTeam "Fraga"]
[EventDate "2023.01.28"]

1. e4 e6 2. d3 c5 3. Nd2 Nc6 4. Ngf3 d6 5. g3 Nf6 6. Bg2 Be7 7. O-O O-O 8. c3
Rb8 9. d4 cxd4 10. cxd4 Qb6 11. e5 dxe5 12. dxe5 Nd5 13. Re1 Rd8 14. a3 a5 15.
Qe2 Bd7 16. Nc4 Nd4 17. Nxd4 Qxd4 18. Rd1 Qc5 19. Bxd5 exd5 20. Nd6 Ba4 21. Be3
Bxd1 22. Rxd1 Qc6 23. Rc1 Qd7 24. Bb6 Bxd6 25. Bxd8 Rxd8 26. exd6 Qxd6 27. Qb5
g6 28. Qxa5 d4 29. Qd2 h5 30. Qd3 Kg7 31. h4 Kg8 32. Rc4 Kg7 33. b4 Qe5 34. Rc5
Qd6 35. Kh2 Qd7 36. b5 Qd6 37. Rc4 Qf6 38. Kg2 Qd6 39. a4 Qd5+ 40. f3 Qe5 41.
Kf2 Qd5 42. Kg2 Kg8 43. Kf2 Kg7 44. Rc2 Re8 45. Rd2 Rd8 46. Qe4 Qxe4 47. fxe4
Kf6 48. Ke2 Ke5 49. Kd3 Ra8 50. Ra2 b6 51. Ra1 Ra7 52. Ra2 Ra8 53. Ra1 Ra7 54.
Ra2 Ra8 1/2-1/2

[Event "Campeonato de Aragon por Equipos 2023 - Division de Honor Global"]
[Site ""]
[Date "2023.02.04"]
[Round "2.12"]
[White "Casas Chine, German"]
[Black "Roque Sola, Jose Luis"]
[Result "0-1"]
[WhiteElo "1792"]
[BlackElo "2217"]
[PlyCount "0"]
[WhiteTeam "Fraga"]
[BlackTeam "Jaime Casas"]
[EventDate "2023.01.28"]

1. e4 c5 2. Nf3 Nc6 3. d4 cxd4 4. Nxd4 e5 5. Nb5 d6 6. N1c3 a6 7. Na3 Be6 8.
Be3 Nf6 9. Be2 Be7 10. Bf3 Rc8 11. O-O O-O 12. Nd5 Bxd5 13. exd5 Nb8 14. c4
Nbd7 15. Bg4 Nxg4 16. Qxg4 f5 17. Qd1 f4 18. Bd2 f3 19. gxf3 Bg5 20. Be3 Bf4
21. Re1 Qh4 22. Kf1 Qxh2 23. Qd3 e4 24. fxe4 Ne5 0-1

[Event "Campeonato de Aragon por Equipos 2023 - Division de Honor Global"]
[Site ""]
[Date "2023.02.04"]
[Round "2.13"]
[White "Cifuentes Parada, Roberto"]
[Black "Ruperez Benito, Antonio"]
[Result "1/2-1/2"]
[WhiteElo "2410"]
[BlackElo "2315"]
[PlyCount "0"]
[WhiteTeam "Jaque - Aramovil"]
[BlackTeam "Palacio De Pioneros A"]
[EventDate "2023.01.28"]

1. Nf3 e6 2. c4 d5 3. e3 Nf6 4. d4 Be7 5. Bd3 dxc4 6. Bxc4 a6 7. O-O O-O 8. Qe2
b5 9. Bd3 Bb7 10. Rd1 c5 11. dxc5 Qc7 12. e4 Nfd7 13. b4 a5 14. Nc3 axb4 15.
Nxb5 Qa5 16. Nd6 Ba6 17. Bxa6 Rxa6 18. Bb2 Nxc5 19. e5 Na4 20. Rac1 Nc6 21. h4
Nxb2 22. Qxb2 Nxe5 23. Nxe5 Rxd6 24. Nc6 Qc7 25. Nxe7+ Qxe7 26. Rxd6 Qxd6 27.
Rc4 Rb8 28. Qc2 g6 29. h5 Qe5 30. h6 Qa1+ 31. Kh2 Qe5+ 32. Kg1 Qe1+ 33. Kh2
Qe5+ 34. Kg1 1/2-1/2

[Event "Campeonato de Aragon por Equipos 2023 - Division de Honor Global"]
[Site ""]
[Date "2023.02.04"]
[Round "2.14"]
[White "Romero Pallares, Daniel"]
[Black "Escartin Lacasa, Jose"]
[Result "0-1"]
[WhiteElo "2280"]
[BlackElo "2284"]
[PlyCount "0"]
[WhiteTeam "Palacio De Pioneros A"]
[BlackTeam "Jaque - Aramovil"]
[EventDate "2023.01.28"]

1. e4 c5 2. c3 Nf6 3. e5 Nd5 4. Nf3 d6 5. Bb5+ Bd7 6. Bc4 e6 7. d4 cxd4 8. Bxd5
exd5 9. O-O dxe5 10. Nxe5 Be6 11. Qa4+ Nd7 12. Nxd7 Qxd7 13. Qxd4 f6 14. Re1
Be7 15. b3 O-O 16. Ba3 Bxa3 17. Nxa3 b6 18. Rad1 Rfe8 19. Nc2 Qb5 20. Qd2 Qc5
21. Re3 Bf7 22. Rg3 Re4 23. Nd4 Rae8 24. h3 Kh8 25. Kh2 a5 26. Rg4 Bh5 27. Rxe4
dxe4 28. Re1 Bg6 29. Kg1 Rc8 30. Rc1 Rd8 31. Qf4 Qa3 32. Rd1 Qxa2 33. Qc7 Re8
34. Qd7 Qa3 35. b4 Qxc3 36. Ne6 Rg8 37. Qe7 Qxb4 38. Rd6 h6 39. Kh2 Bh7 40. Nd8
Bg6 41. Ne6 b5 42. Nf4 Bh7 43. Ne6 e3 44. fxe3 Qe4 45. Rd8 Qe5+ 46. Kh1 f5 47.
Qd7 Qf6 48. Rxg8+ Bxg8 49. Nf4 b4 50. Qe8 Kh7 0-1

[Event "Campeonato de Aragon por Equipos 2023 - Division de Honor Global"]
[Site ""]
[Date "2023.02.04"]
[Round "2.15"]
[White "Ereza Vizcarra, Fernando"]
[Black "Palacios Herrero, Pablo"]
[Result "0-1"]
[WhiteElo "2125"]
[BlackElo "2198"]
[PlyCount "0"]
[WhiteTeam "Jaque - Aramovil"]
[BlackTeam "Palacio De Pioneros A"]
[EventDate "2023.01.28"]

1. d4 d5 2. Nf3 Nf6 3. g3 c5 4. Bg2 cxd4 5. O-O h6 6. Bf4 Nc6 7. Nxd4 Qb6 8.
Nxc6 bxc6 9. Be5 e6 10. Bd4 Qc7 11. c4 Be7 12. cxd5 cxd5 13. Nc3 O-O 14. Rc1
Qb8 15. f4 Rd8 16. Qd3 a5 17. Rfd1 Ba6 18. Qb1 Qb4 19. a3 Qb3 20. Qc2 Bc4 21.
Qd2 Rab8 22. Qe3 Nd7 23. Qf2 Bf6 24. e4 Qxb2 25. Qxb2 Rxb2 26. exd5 exd5 27.
Bxd5 Bxd5 28. Nxd5 Bxd4+ 29. Rxd4 Re8 30. f5 Ne5 31. Rf1 Ra2 32. Ra4 Nc6 33. f6
Ree2 34. Nf4 Rxh2 35. fxg7 Kxg7 36. Re4 Rhd2 37. Nh5+ Kf8 38. Nf4 Rxa3 39. Ne6+
Kg8 40. Rg4+ Kh8 41. Nf4 Ne5 42. Rh4 Nf3+ 0-1

[Event "Campeonato de Aragon por Equipos 2023 - Division de Honor Global"]
[Site ""]
[Date "2023.02.04"]
[Round "2.16"]
[White "Dan, Teodor"]
[Black "Gonzalez Gambau, Jorge"]
[Result "1/2-1/2"]
[WhiteElo "2045"]
[BlackElo "2068"]
[PlyCount "0"]
[WhiteTeam "Palacio De Pioneros A"]
[BlackTeam "Jaque - Aramovil"]
[EventDate "2023.01.28"]

1. d4 d5 2. c4 c6 3. Nf3 Nf6 4. Nc3 g6 5. Bf4 dxc4 6. e3 b5 7. a4 Nd5 8. axb5
Nxc3 9. bxc3 cxb5 10. Bxb8 Rxb8 11. Rxa7 Qb6 12. Qa1 Bg7 13. Be2 O-O 14. O-O
Bf5 15. Nd2 e5 16. Ra6 Qc7 17. e4 exd4 18. exf5 dxc3 19. Nxc4 bxc4 20. f6 Bxf6
21. Rxf6 Qe5 22. Rf3 Qxe2 23. Re3 Qb2 24. Rxc3 Rfc8 25. Qxb2 Rxb2 26. Rfc1 Kg7
27. Kf1 Rb4 28. Ke2 Kf6 29. R1c2 Rc5 30. Rf3+ Ke6 31. Kd2 Rf5 32. Rxf5 Kxf5 33.
Kc3 Ra4 34. Kd4 h5 35. Rxc4 Rxc4+ 36. Kxc4 Ke4 37. Kc3 h4 38. h3 g5 39. Kd2 Kf4
40. Ke2 Ke4 41. f3+ 1/2-1/2

[Event "Campeonato de Aragon por Equipos 2023 - Division de Honor Global"]
[Site ""]
[Date "2023.02.04"]
[Round "2.17"]
[White "Pellicer Cerezuela, Miguel"]
[Black "Del Rey, Diego"]
[Result "0-1"]
[WhiteElo "2043"]
[BlackElo "2328"]
[PlyCount "0"]
[WhiteTeam "L'Aurora Estadilla"]
[BlackTeam "El Olivar"]
[EventDate "2023.01.28"]

1. d4 c5 2. d5 g6 3. c4 Bg7 4. Nc3 Nf6 5. e4 O-O 6. f4 d6 7. Nf3 e6 8. Be2 exd5
9. cxd5 Re8 10. Nd2 a6 11. a4 Nbd7 12. O-O Qc7 13. Bf3 Rb8 14. a5 b5 15. axb6
Nxb6 16. g4 h6 17. h4 Nh7 18. g5 hxg5 19. hxg5 f6 20. gxf6 Nxf6 21. e5 dxe5 22.
Nde4 Nxe4 23. Bxe4 Qd6 24. Qf3 Rb7 25. Qg2 exf4 26. Bxf4 Bd4+ 27. Kh2 Rh7+ 28.
Kg3 Be5 29. Bxe5 Qxe5+ 30. Kf3 Rh3+ 31. Ke2 Rh2 32. Rf2 Rxg2 33. Rxg2 Bf5 0-1

[Event "Campeonato de Aragon por Equipos 2023 - Division de Honor Global"]
[Site ""]
[Date "2023.02.04"]
[Round "2.18"]
[White "Villuendas Valero, Adrian"]
[Black "Felez Casedas, Carlos"]
[Result "1/2-1/2"]
[WhiteElo "2259"]
[BlackElo "1940"]
[PlyCount "0"]
[WhiteTeam "El Olivar"]
[BlackTeam "L'Aurora Estadilla"]
[EventDate "2023.01.28"]


1. d4 d5 2. Bf4 Nf6 3. e3 c6 4. c4 dxc4 5. Bxc4 e6 6. Nc3 Bd6 7. Bg5 Qa5 8.
Bxf6 gxf6 9. Qf3 Nd7 10. Nge2 Rg8 11. O-O-O f5 12. h3 Qb4 13. Bd3 Nb6 14. g4
Nc4 15. Bxc4 Qxc4 16. gxf5 Bd7 17. Kb1 exf5 18. Nf4 O-O-O 19. Rc1 Be6 20. Rhd1
Kb8 21. Nxe6 Qxe6 22. d5 cxd5 23. Qxd5 Bc7 24. Qf3 Rxd1 25. Rxd1 Rd8 26. Rxd8+
Bxd8 27. Qd5 Bf6 28. Kc2 Bxc3 29. Qd8+ Qc8 30. Qxc8+ Kxc8 31. Kxc3 Kc7 32. Kd4
Kd6 33. f3 f6 34. h4 h5 35. a4 b6 36. f4 a6 37. Kc4 Kc6 38. b3 b5+ 39. axb5+
axb5+ 40. Kd4 Kd6 41. b4 Kc6 42. e4 Kd6 43. exf5 Kc6 44. Ke4 Kd6 45. Kd3 Kc6
46. Kc3 Kd6 1/2-1/2

[Event "Campeonato de Aragon por Equipos 2023 - Division de Honor Global"]
[Site ""]
[Date "2023.02.04"]
[Round "2.19"]
[White "Fuentes Espuna, Juan Antonio"]
[Black "Hernando Garcia, Antonio"]
[Result "1/2-1/2"]
[WhiteElo "1914"]
[BlackElo "2101"]
[PlyCount "0"]
[WhiteTeam "L'Aurora Estadilla"]
[BlackTeam "El Olivar"]
[EventDate "2023.01.28"]

1. Nf3 d5 2. g3 c6 3. Bg2 h6 4. O-O Bf5 5. d4 Nd7 6. c4 e6 7. Nc3 Ngf6 8. cxd5
cxd5 9. Bf4 a6 10. Rc1 Be7 11. Na4 O-O 12. Bc7 Qe8 13. Nd2 Rc8 14. Bf4 b5 15.
Nc3 Nb6 16. e4 dxe4 17. Ncxe4 Qd7 18. Nc5 Qxd4 19. Be3 Qxb2 20. Qb3 Qxb3 21.
Ndxb3 Nfd5 22. Nxa6 Nxe3 23. fxe3 Bg5 24. Kf2 Nc4 25. Rfe1 e5 26. h4 Be7 27.
Bb7 Rcd8 28. Bc6 Nb2 29. Nac5 Nd3+ 30. Nxd3 Bxd3 31. e4 Bc4 32. Red1 Ba3 33.
Rxd8 Rxd8 34. Rc2 Bb4 35. Nc1 Rd6 36. Bb7 Rb6 37. Bc8 Rb8 38. Bd7 Rb7 39. Bc6
Ra7 40. a4 Ra5 41. axb5 Bxb5 42. Bd5 Ra7 43. Kg2 Bd6 44. Rb2 Bd7 45. Rb7 Rxb7
46. Bxb7 Bg4 47. Nd3 h5 48. Kf2 Kf8 49. Kg2 Ke7 50. Nf2 Be6 51. Kf3 Bc5 52. Nd3
Bg4+ 53. Kg2 Kd6 54. Nb2 Be6 55. Ba6 Bd4 56. Nd3 f5 57. Bb7 g6 58. Nf2 Bxf2 59.
Kxf2 f4 60. Ba6 Bg4 61. Bc4 Ke7 62. gxf4 exf4 63. e5 Bd1 64. Bd3 Kf7 65. Bc4+
Kg7 66. Bd5 Bg4 67. Bc6 Kh6 68. Bd5 g5 69. e6 gxh4 70. e7 Bd7 71. Bf7 Kg5 72.
e8=Q Bxe8 73. Bxe8 h3 74. Bc6 Kg4 75. Bf3+ Kh4 76. Bc6 1/2-1/2

[Event "Campeonato de Aragon por Equipos 2023 - Division de Honor Global"]
[Site ""]
[Date "2023.02.04"]
[Round "2.20"]
[White "Galstyan, David"]
[Black "Puertolas Serena, Arturo"]
[Result "1-0"]
[WhiteElo "2040"]
[BlackElo "1788"]
[PlyCount "0"]
[WhiteTeam "El Olivar"]
[BlackTeam "L'Aurora Estadilla"]
[EventDate "2023.01.28"]

1. e4 c6 2. d4 d5 3. Nd2 dxe4 4. Nxe4 Nf6 5. Nxf6+ exf6 6. c3 Bd6 7. Bd3 Qc7 8.
Ne2 Bg4 9. Qc2 Nd7 10. Be3 Nb6 11. O-O-O Nd5 12. Bd2 O-O-O 13. Bf5+ Bxf5 14.
Qxf5+ Qd7 15. Qxd7+ Rxd7 16. c4 Ne7 17. Bf4 Re8 18. Bxd6 Rxd6 19. Ng3 f5 20.
Rhe1 g6 21. Kc2 Rdd8 22. b4 Ng8 23. Kc3 Nf6 24. f3 h5 25. h4 Kc7 26. a4 b6 27.
b5 Kb7 28. Ne2 Re3+ 29. Rd3 Re7 30. Rdd1 Re3+ 31. Kd2 Re7 32. Kc2 cxb5 33. axb5
Rc8 34. Kd3 Rce8 35. Kd2 Rc7 36. Rc1 Rd7 37. Kd3 Rde7 38. d5 Nd7 39. Kd2 Nc5
40. Nd4 a5 41. bxa6+ Nxa6 42. Nb5 Rxe1 43. Rxe1 Rxe1 44. Kxe1 Kb8 45. Nd6 f6
46. Ne8 Nc5 47. Nxf6 Kc7 48. Kd2 Kd6 49. Kc3 Ke5 50. Ng8 Kd6 51. Kb4 Nd3+ 52.
Kb5 Kc7 53. Ne7 Ne1 54. Nxg6 Nxg2 55. d6+ Kxd6 56. Kxb6 Kd7 57. c5 1-0

[Event "Campeonato de Aragon por Equipos 2023 - Division de Honor Global"]
[Site ""]
[Date "2023.02.04"]
[Round "2.21"]
[White "Arrieta Restrepo, Steven"]
[Black "Hinojar Basa, Alfonso"]
[Result "1/2-1/2"]
[WhiteElo "2039"]
[BlackElo "2164"]
[PlyCount "0"]
[WhiteTeam "Monzon"]
[BlackTeam "Marcos Frechin"]
[EventDate "2023.01.28"]

1. e4 c5 2. Nf3 e6 3. c4 Nc6 4. Nc3 Nf6 5. d3 Qc7 6. Be2 a6 7. O-O Be7 8. Re1
O-O 9. Bf1 d6 10. h3 Rb8 11. a4 b6 12. Bf4 Nd7 13. Rb1 Bb7 14. Bg3 Bf6 15. Nh2
g6 16. f4 Bd4+ 17. Kh1 Rbe8 18. Be2 Ne7 19. Bf3 d5 20. Qc2 dxc4 21. dxc4 Nb8
22. Ne2 Bg7 23. b4 Nbc6 24. bxc5 bxc5 25. Bf2 Nb4 26. Qb3 a5 27. Red1 Rd8 28.
Nc3 Bd4 29. Bg3 Bc6 30. Nb5 Qb7 1/2-1/2

[Event "Campeonato de Aragon por Equipos 2023 - Division de Honor Global"]
[Site ""]
[Date "2023.02.04"]
[Round "2.22"]
[White "Miranda Herrera, Jorge Manuel"]
[Black "Barranco Mananet, Fernando"]
[Result "1/2-1/2"]
[WhiteElo "2115"]
[BlackElo "2005"]
[PlyCount "0"]
[WhiteTeam "Marcos Frechin"]
[BlackTeam "Monzon"]
[EventDate "2023.01.28"]

1. e4 c5 2. c3 Nf6 3. e5 Nd5 4. g3 e6 5. Bg2 d6 6. exd6 Bxd6 7. Nf3 Nc6 8. O-O
O-O 9. d4 cxd4 10. Nxd4 Nxd4 11. Qxd4 Qc7 12. c4 Be5 13. Qe4 Nf6 14. Qe2 Rb8
15. Re1 Bd6 16. Rd1 Bd7 17. Be3 b6 18. Nc3 Rfd8 19. Bg5 Bc6 20. Bxc6 Qxc6 21.
Nb5 Rb7 22. Bxf6 gxf6 23. Nd4 Qc5 24. Nxe6 fxe6 25. Qxe6+ Kg7 26. Rd5 Qc6 27.
Rad1 Re8 28. Qg4+ Kf7 29. Qh5+ Kg8 30. Qf3 Kf7 31. Qd3 Rd8 32. Qxh7+ Kf8
1/2-1/2

[Event "Campeonato de Aragon por Equipos 2023 - Division de Honor Global"]
[Site ""]
[Date "2023.02.04"]
[Round "2.23"]
[White "Hidalgo Gracia, Andres"]
[Black "Miranda Herrera, Miguel"]
[Result "1/2-1/2"]
[WhiteElo "1852"]
[BlackElo "1976"]
[PlyCount "0"]
[WhiteTeam "Monzon"]
[BlackTeam "Marcos Frechin"]
[EventDate "2023.01.28"]

1. c4 e6 2. Nc3 d5 3. cxd5 exd5 4. d4 Nf6 5. Bf4 Bd6 6. Bxd6 Qxd6 7. Nf3 O-O 8.
e3 Bf5 9. Bd3 Bxd3 10. Qxd3 Nbd7 11. O-O c6 12. a3 a5 13. Rfe1 Rfe8 14. Nd2 a4
15. Rad1 g6 16. e4 dxe4 17. Ndxe4 Nxe4 18. Nxe4 Qd5 19. Re2 Kg7 20. Nc3 Qb3 21.
Rde1 Rxe2 22. Rxe2 Rd8 23. d5 cxd5 24. Qxd5 Qxd5 25. Nxd5 Nc5 26. Nc3 f5 27.
Re7+ Kf6 28. Rc7 Ne4 29. Nxe4+ fxe4 30. Kf1 b5 31. Rc5 Rb8 32. g3 Ke6 33. Ke2
Kd6 34. Rg5 b4 35. Ra5 bxa3 36. bxa3 Rb2+ 37. Kf1 Rb1+ 38. Kg2 Rb2 39. Rxa4 e3
40. Rf4 Ra2 41. Rf3 exf2 42. Rxf2 Rxa3 43. Rf7 Ra2+ 44. Kh3 Ke6 45. Rxh7 Kf5
46. Rf7+ Kg5 47. Rf3 Rb2 48. Rc3 Ra2 49. Re3 Rb2 50. g4 Rb4 51. Rd3 Ra4 52.
Rd5+ Kf6 53. Kh4 Rb4 54. Rd3 Ra4 55. Rf3+ Kg7 56. Kg3 g5 57. h4 gxh4+ 58. Kxh4
Ra5 59. Rb3 Kg6 60. Rb6+ Kg7 1/2-1/2

[Event "Campeonato de Aragon por Equipos 2023 - Division de Honor Global"]
[Site ""]
[Date "2023.02.04"]
[Round "2.24"]
[White "Moya Gimeno, Raul"]
[Black "Buil Solana, Mario"]
[Result "1/2-1/2"]
[WhiteElo "1944"]
[BlackElo "1747"]
[PlyCount "0"]
[WhiteTeam "Marcos Frechin"]
[BlackTeam "Monzon"]
[EventDate "2023.01.28"]

1. e4 c6 2. Nc3 d5 3. Nf3 Bg4 4. h3 Bxf3 5. Qxf3 e6 6. d4 Nf6 7. Bd3 dxe4 8.
Nxe4 Nbd7 9. c3 Be7 10. Bf4 Nxe4 11. Qxe4 Nf6 12. Qe2 Qd5 13. O-O O-O 14. Be5
Rfd8 15. b4 Qd7 16. Bc2 Nd5 17. Qd3 g6 18. a3 Bd6 19. f4 Be7 20. f5 exf5 21.
Qg3 f4 22. Bxf4 Nxf4 23. Qxf4 Bd6 24. Qf3 Re8 25. Bb3 Re7 26. Rf2 Rf8 27. Raf1
Bc7 28. g3 Qd6 29. Kg2 Kg7 30. Qg4 f5 31. Rxf5 Rxf5 32. Rxf5 Qxg3+ 33. Qxg3
Bxg3 34. Rf3 Bh4 35. Bc4 Bf6 36. Kf2 Bh4+ 37. Kg2 Bf6 38. Kf2 Bh4+ 1/2-1/2

[Event "Campeonato de Aragon por Equipos 2023 - Division de Honor Global"]
[Site ""]
[Date "2023.02.04"]
[Round "2.25"]
[White "Salamero Pelay, Fernando"]
[Black "Laliena Solanes, Luis"]
[Result "1/2-1/2"]
[WhiteElo "2062"]
[BlackElo "2196"]
[PlyCount "0"]
[WhiteTeam "Atletismo Huesca"]
[BlackTeam "ONCE C. A. Aragon"]
[EventDate "2023.01.28"]

1. e4 c6 2. d4 d5 3. e5 c5 4. c4 cxd4 5. Ne2 e6 6. Nxd4 Nc6 7. Nxc6 bxc6 8. Nc3
Ne7 9. Qa4 Bd7 10. cxd5 Nxd5 11. Be2 Bb4 12. Bd2 Qa5 13. Qxa5 Bxa5 14. Nxd5
Bxd2+ 15. Kxd2 cxd5 16. Rhc1 Rc8 17. Rxc8+ Bxc8 18. Rc1 Kd8 19. Bb5 f6 20. f4
Rf8 21. Rf1 Bd7 22. Bd3 fxe5 23. fxe5 Rxf1 24. Bxf1 Kc7 25. Kc3 a5 26. Kd4 Kb6
27. Bd3 h6 28. Bg6 Kb5 29. h4 Kb6 30. Bc2 Bb5 31. g3 Be2 32. Ba4 Bb5 33. Bc2
Be2 34. Bg6 Bb5 35. Bf7 Bd7 36. Bg6 Bb5 37. Bf7 Bd7 38. Bg6 Bb5 39. Bf7 1/2-1/2